| 000 | 02412cam a2200301Ma 4500 | ||
|---|---|---|---|
| 001 | ocn221604252 | ||
| 003 | Co-BoUCM | ||
| 005 | 20181127153528.0 | ||
| 008 | 840305s1931 mx a 001 0 spa d | ||
| 040 |
_aAU@ _beng _cSandra Yazo _dSandra Yazo _dSandra Yazo _dSandra Yazo _dSandra Yazo |
||
| 041 | 0 | _aspa | |
| 082 | 0 | 4 |
_220 _a378.09 |
| 092 | _aE47N039 | ||
| 100 | 1 |
_aPlaza y Jaen, Cristobal Bernardo de la _dactive 1687 _994688 |
|
| 245 | 1 | 0 |
_aCronica de la Real y Pontificia Universidad de Mexico _cescrita en el siglo XVII por el bachiller Cristobal Bernardo de la Plaza y Jaen ; version paleografica ... por Nicolas Rangel |
| 260 |
_aMéxico _bUniversidad Nacional de México Autonoma ; Talleres Gráficos del Museo Nacional _c1931 |
||
| 300 |
_a2 volumes (xx, 479 ; 471 páginas) _bilustraciones _c29 x 19 cm. |
||
| 500 | _aDetalles físicos: Encuadernación rígida de calidad (holandesa con esquinas) en cartón forrado en tela texturizada (en verde), lomo y esquineras de piel (de color verde), con nervaduras sobre costuras; letras y motivos decorativos en dorado. Guardas. Portadilla, impresa en colores sobre papel especial. Anteportada, con dedicatoria. Portada impresa en dos tintas, con un grabado que muestra el escudo de la Universidad de México. Hoja de papel satinado, con grabado. Introducción, impresa en una sola columna, con notas de pie de página. Edición paleográfica, impresa en dos columnas. Párrafos numerados. Intercala algunas hojas de papel especial (satinado) para ilustraciones (blando y negro). Índice. Colofón parcial, al término de V.2. Algún deterioro en bordes y esquinas. Indicios de cintas pegantes en lomo y tapas. Ligeramente raspada piel del lomo (V.1). Páginas 475 A 478 del V.I, rasgadas, intervención con cinta en parte inferior | ||
| 505 | 0 | _aV.1: Proemio ; Prólogo al Lector ; Crónica de la Universidad de México: Libro 1 - 4 -- V.2: Crónica de la Universidad de México: Libro 5 ; Índice alfabético ; Apéndice documental | |
| 506 | _aConsulta en sala | ||
| 610 | 2 | 0 |
_aReal y Pontificia Universidad de México _994689 |
| 650 | 7 |
_931610 _aUniversidades _xHistoria _zMéxico |
|
| 650 | 7 |
_940851 _aEducación _xHistoria _yColonia _zMéxico |
|
| 690 |
_aEducación superior _9177 |
||
| 700 | 1 |
_aRangel, Nicolás _d1864- _994690 |
|
| 710 | 2 |
_aUniversidad Nacional Autónoma de México. _948848 |
|
| 942 |
_2LOCAL _cLIBRO _e1 _hE47N039 |
||
| 999 |
_c311233 _d311233 |
||